000 00911nam a2200289 a 4500
001 55526
003 BD-RjUL
005 20211209080258.0
008 161119s1951 enka b 001 0 eng
035 _a(BD-RjUL)55649
040 _aDLC
_cWSU
_dOCL
_dSER
_dZCU
_dBD-RjUL
_beng
041 _aeng
082 _a658.86
_bBEW 1951
_223
090 _aHF5421
_b.B38 1959
100 1 _aBeckman, Theodore N.,
_d1895-1973.
_9161117
245 1 0 _aWholesaling : principles and practice
_cTheodore N. Beckman, Nathanael H. Engle
250 _aRevised ed.
260 _aNew York :
_bRonald Press Co.,
_cc 1951
300 _axvi, 746 p. :
_bill. ;
_c24 cm.
500 _aInclude index
650 0 _aWholesale trade.
_9161118
650 0 _aWholesale trade
_zUnited States.
_9161119
700 _aEngle , Nathanael H.
_9236404
700 _aBuzzell, Robert D.
_9236405
942 _2ddc
_cBK
999 _c55526
_d55526